Catálogo
 En Linea

Tumores vegetales de España : (Registro nro. 34104)

Detalles MARC
000 -CABECERA
campo de control de longitud fija 00545nam a2200157 a 4500
001 - NÚMERO DE CONTROL
campo de control 000034613
005 - FECHA Y HORA DE LA ÚLTIMA TRANSACCIÓN
campo de control 20200930073810.0
008 - DATOS DE LONGITUD FIJA--INFORMACIÓN GENERAL
campo de control de longitud fija 111010s1986 sp c 000 0 spa d
020 ## - NÚMERO INTERNACIONAL ESTÁNDAR DEL LIBRO
Número Internacional Estándar del Libro 8400063902
040 ## - FUENTE DE LA CATALOGACIÓN
Centro catalogador/agencia de origen DO-SdBNP
Lengua de catalogación spa
Centro/agencia transcriptor BNPHU
082 ## - NÚMERO DE LA CLASIFICACIÓN DECIMAL DEWEY
Número de clasificación xxxx
Número de documento/Ítem F945t
100 1# - ENTRADA PRINCIPAL--NOMBRE DE PERSONA
Nombre de persona Frutos Borreguero, Manuel de
9 (RLIN) 60055
245 10 - MENCIÓN DE TÍTULO
Título Tumores vegetales de España :
Resto del título Ilustrado con fotografía del autor /
Mención de responsabilidad, etc. Manuel de Frutos Borreguero.
260 ## - PUBLICACIÓN, DISTRIBUCIÓN, ETC.
Lugar de publicación, distribución, etc. Madrid :
Nombre del editor, distribuidor, etc. Consejo Superior de Investigaciones Científica,
Fecha de publicación, distribución, etc. 1986.
300 ## - DESCRIPCIÓN FÍSICA
Extensión [192 p.] :
Otras características físicas retr. ;
Dimensiones 24 cm.
Existencias
Estado de retiro Estado de pérdida Restricciones de uso No para préstamo Código de colección Localización permanente Ubicación/localización actual Ubicación en estantería Fecha de adquisición Número de inventario Total de préstamos Signatura topográfica completa Código de barras Fecha visto por última vez Precio válido a partir de Tipo de ítem Koha
      Excluido de préstamo Monografías: Libros y Folletos General General Depósito 10.10.2011 LF1   xxxx F945t 34613-10 25.06.2020 25.06.2020 No se presta

Con tecnología Koha